Textbook of anatomy and physiology for paramedical and health professionals (Record no. 393666)

MARC details
000 -LEADER
fixed length control field 00606 a2200217 4500
005 - DATE & TIME
control field 20251215154423.0
008 - FIXED-LENGTH DATA ELEMENTS--GENERAL INFORMATION
fixed length control field 251215b |||||||| |||| 00| 0 eng d
020 ## - ISBN
International Standard Book Number 9789354662096
Price Rs. 1195.00
040 ## - CATALOGING SOURCE
Original cataloging agency VIVEKANANDA LIBRARY
082 ## - DDC NUMBER
Classification number 612
Book Number K529T(2)
100 ## - MAIN ENTRY--PERSONAL NAME
Personal name Khurana, Indu
245 ## - TITLE STATEMENT
Title Textbook of anatomy and physiology for paramedical and health professionals
250 ## - EDITION STATEMENT
Edition statement 2nd
260 ## - PUBLICATION, DISTRIBUTION, ETC. (IMPRINT)
Name of publisher, distributor, etc CBS Publishers and Distributors
Date of publication, distribution, etc 2026
Place of publication, distribution, etc New Delhi
300 ## - PHYSICAL DESCRIPTION
Pages xxiv, 578
650 ## - Subject
Subject Anatomy
650 ## - Subject
Subject Physiology
650 ## - Subject
Subject Health Professionals
700 ## - Added Entry Personal Name
Added Entry Personal Name Khurana, Arushi
942 ## - ADDED ENTRY ELEMENTS (KOHA)
Koha item type Books
Holdings
Withdrawn status Lost status Source of classification or shelving scheme Damaged status Not for loan Location (home branch) Sublocation or collection (holding branch) Shelving location Date acquired Koha issues (times borrowed) Koha full call number Accession No. Koha date last seen Koha item type
    Dewey Decimal Classification     VIVEKANANDA LIBRARY VIVEKANANDA LIBRARY Vivekananda Library 04/12/2025   612 K529T(2) 443531 04/12/2025 Books
    Dewey Decimal Classification     VIVEKANANDA LIBRARY VIVEKANANDA LIBRARY Vivekananda Library 04/12/2025 1 612 K529T(2) 443532 12/03/2026 Books
© Designed and Maintained by Vivekananda Library, MDU Rohtak